|
|
|
|
| LEADER |
00000nab a2200000ua 4500 |
| 001 |
vtls010808326 |
| 003 |
SK-MaSNL |
| 005 |
20260303214205.0 |
| 008 |
230218s1999 xo |||||||||||||||||ukr| |
| 035 |
|
|
|a (urnnbn)urn:nbn:sk:snk:ar-0043n5
|
| 035 |
|
|
|a (uuid)fe75829d-344b-4855-996d-cd897252e4d1
|
| 035 |
|
|
|a urn:nbn:sk:snk-ab42s7
|
| 040 |
|
|
|a SNKBUCL
|b slo
|c SNKBUCL
|e AACR2
|
| 041 |
0 |
|
|a ukr
|
| 044 |
|
|
|a xo
|c SK
|
| 100 |
1 |
|
|a Gvat', Ivan
|4 aut
|9 1144617
|
| 245 |
1 |
0 |
|a NOJEVI NAŠČADKI I ICH NANAŠKI PID BESKIDOM :
|b (Pislja introdukcii - pro karpatorosiv O. Solženicina)
|c Ivan Gvat'
|
| 773 |
0 |
|
|t Duklja : literaturno-chudožnij ta hromads'ko-polityčnyj al'manach
|g Roč. 47, č. 2 (1999), s. 39-44
|
| 958 |
|
|
|a OND
|
| 958 |
|
|
|a EUIPO
|
| 958 |
|
|
|a article3
|
| 999 |
|
|
|c 2215846
|d 2217776
|